Taylor Swift 74 - Statistics

General Stats
  • This quiz has been taken 14 times
  • The average score is 107 of 235
Answer Stats
Answer % Correct
a
100%
on
100%
the
100%
and
91%
is
91%
it
91%
to
91%
you
91%
are
82%
it's
82%
now
82%
so
82%
they
82%
this
82%
we
82%
were
82%
when
82%
where
82%
your
82%
don't
73%
for
73%
in
73%
just
73%
never
73%
with
73%
you'd
73%
you're
73%
but
64%
every
64%
got
64%
oh
64%
something
64%
yeah
64%
down
55%
our
55%
we've
55%
around
45%
see
45%
thing
45%
thought
45%
here
36%
make
36%
new
36%
night
36%
even
27%
everybody
27%
eyes
27%
far
27%
goes
27%
happy
27%
keep
27%
open
27%
sleeping
27%
turn
27%
two
27%
battles
18%
break
18%
children
18%
cruel
18%
everybody's
18%
fallout
18%
gotta
18%
into
18%
nobody
18%
score
18%
swords
18%
they've
18%
waiting
18%
watching
18%
winning
18%
wooden
18%
world
18%
ahead
9%
backyards
9%
comes
9%
dreaming
9%
dreams
9%
endings
9%
feet
9%
guard
9%
heartbeat
9%
keeps
9%
lesson
9%
locked
9%
playing
9%
pretending
9%
ready
9%
save
9%
showdown
9%
soldiers
9%
staying
9%
steady
9%
steps
9%
surrounded
9%
yesterday
9%
aim
0%
dark
0%
forms
0%
scar
0%
stands
0%
stepped
0%
tricky
0%
No matching quizzes found
Score Distribution
Percent of People with Each Score
Percentile by Number Answered
Your Score History
You have not taken this quiz